[Event "34th Chess Olympiad (men)"]
[Site "Istanbul"]
[Date "2000.11.08"]
[Round "11.12.2"]
[White "Spraggett, Kevin"]
[Black "Grigore, George"]
[WhiteElo "2501"]
[BlackElo "2508"]
[WhiteCountry "CAN"]
[BlackCountry "ROM"]
[Result "0-1"]

1. Nf3 Nf6 2. g3 g6 3. b3 Bg7 4. Bb2 O-O 5. c4 d6 6. Bg2 e5 7. d3 Re8 
8. O-O Nbd7 9. Nc3 c6 10. Qc2 a6 11. e3 Rb8 12. h3 d5 13. cxd5 cxd5 14. Rac1 b5 
15. b4 Nb6 16. Ne2 Nfd7 17. h4 Bb7 18. Ba1 Qe7 19. a3 e4 20. Nd2 Rbc8 
21. Qb3 exd3 22. Qxd3 Ne5 23. Qb3 Nbc4 24. Rcd1 Rcd8 25. Nf4 Ng4 26. Bxg7 Kxg7 
27. Qc3+ Kg8 28. Nb3 Ncxe3 29. fxe3 Qxe3+ 30. Qxe3 Nxe3 31. Nc5 Bc6 
32. Rd3 Nxf1 33. Kxf1 Rd6 34. Nxa6 d4 35. Bxc6 Rxc6 36. Nc5 Rd6 37. Kf2 h6 
38. Kf3 g5 39. hxg5 hxg5 40. Ne4 g4+ 41. Kxg4 Rxe4 42. Kf3 Re5 43. Ne2 Rde6 
44. Nxd4 Rf6+ 45. Kg2 Rd6 46. Kf3 Red5 47. Ke3 f5 48. Rd2 Kf7 49. Nf3 Re6+ 
50. Kf2 Rxd2+ 51. Nxd2 Kf6 52. Nb3 Re4 53. Nd2 Rg4 54. Nf3 Ke6 55. Nh2 Rc4 
56. Nf3 Kd5 57. Ke3 Re4+ 58. Kf2 Rg4 59. Nh2 Rc4 
0-1

[Event "34th Chess Olympiad (men)"]
[Site "Istanbul"]
[Date "2000.11.08"]
[Round "11.12.4"]
[White "Yoos, Jack"]
[Black "Cosma, Ioan"]
[WhiteElo "2000"]
[BlackElo "2460"]
[WhiteCountry "CAN"]
[BlackCountry "ROM"]
[Result "0-1"]

1. e4 c5 2. Nf3 Nc6 3. d4 cxd4 4. Nxd4 Qc7 5. Nc3 e6 6. f4 Nxd4 7. Qxd4 a6 
8. Be3 b5 9. Be2 Bb7 10. Bf3 Rc8 11. Rd1 h5 12. O-O Nf6 13. h3 h4 14. e5 Nh5 
15. Bxb7 Qxb7 16. Ne4 Rc4 17. Nd6+ Bxd6 18. Qxd6 Ng3 19. f5 Rxc2 20. Rd2 Rxd2 
21. Bxd2 Qa7+ 22. Rf2 Qxf2+ 23. Kh2 Nf1+ 24. Kh1 Qxd2 25. Qb8+ Ke7 26. f6+ gxf6 
27. exf6+ Kxf6 28. Qxh8+ Ke7 29. Qxh4+ f6 30. Qh7+ Kd6 31. Qg8 Ne3 32. Qb8+ Ke7 
0-1

[Event "34th Chess Olympiad (men)"]
[Site "Istanbul"]
[Date "2000.11.08"]
[Round "11.13.1"]
[White "Zagrebelny, Sergey"]
[Black "Moldobaev, Emelbek"]
[WhiteElo "2536"]
[BlackElo "2404"]
[WhiteCountry "UZB"]
[BlackCountry "KGZ"]
[Result "1/2-1/2"]

1. e4 e5 2. Nf3 Nc6 3. Bb5 a6 4. Ba4 Nf6 5. O-O Be7 6. d3 b5 7. Bb3 d6 8. a4 b4 
9. a5 O-O 10. h3 Be6 11. Nbd2 Qc8 12. Re1 Rb8 13. Bc4 Re8 14. Nf1 Bxc4 
15. dxc4 Qb7 16. Ng3 g6 17. Bg5 Nd7 18. h4 Nc5 19. Qd2 Ne6 20. Nh2 Nxg5 
21. hxg5 Qc8 22. Nf3 Nd8 23. c5 Ne6 
1/2-1/2

[Event "34th Chess Olympiad (men)"]
[Site "Istanbul"]
[Date "2000.11.08"]
[Round "11.13.2"]
[White "Magai, Vladimir"]
[Black "Yuldashev, Saydali"]
[WhiteElo "2546"]
[BlackElo "2515"]
[WhiteCountry "KGZ"]
[BlackCountry "UZB"]
[Result "1-0"]

1. d4 Nf6 2. c4 g6 3. Nc3 Bg7 4. e4 d6 5. Nf3 O-O 6. Be2 e5 7. Be3 Ng4 
8. Bg5 f6 9. Bh4 g5 10. Bg3 Nh6 11. d5 Na6 12. Nd2 f5 13. exf5 Nxf5 14. Nde4 b6 
15. O-O Nc5 16. Bg4 Kh8 17. Rc1 Bd7 18. b4 Nxe4 19. Nxe4 a5 20. a3 axb4 
21. axb4 Qe7 22. Re1 Ra4 23. Rb1 Ra2 24. Nc3 Ra3 25. Rc1 h6 26. c5 bxc5 
27. bxc5 Ra5 28. Ne4 Ra4 29. cxd6 cxd6 30. Rc7 Rd4 31. Qb3 Qd8 32. Qb7 Nxg3 
33. hxg3 Bxg4 34. Rxg7 Bf5 35. f3 Bxe4 36. Rxe4 Qf6 37. Re7 Rxe4 38. fxe4 Qg6 
39. Re6 Qh5 40. Qb1 Rd8 41. Qf1 Kg8 42. g4 Qf7 43. Qf5 Qxf5 44. gxf5 Rb8 
45. Rxh6 Rb4 46. Rxd6 Rxe4 47. Rg6+ Kf7 48. Rxg5 Kf6 49. Rh5 Rd4 50. Kf2 Rxd5 
51. g4 Rd3 52. Rh6+ Kg5 53. Rg6+ Kf4 54. f6 e4 55. g5 Kf5 56. Rg7 Rf3+ 
57. Ke1 Ke6 58. Ke2 Kf5 59. f7 Ke6 60. g6 Kd5 
1-0

[Event "34th Chess Olympiad (men)"]
[Site "Istanbul"]
[Date "2000.11.08"]
[Round "11.13.3"]
[White "Safin, Shukhrat"]
[Black "Yurtaev, Leonid"]
[WhiteElo "2518"]
[BlackElo "2552"]
[WhiteCountry "UZB"]
[BlackCountry "KGZ"]
[Result "1/2-1/2"]

1. d4 Nf6 2. c4 g6 3. Nc3 Bg7 4. e4 d6 5. Nf3 O-O 6. h3 Na6 7. Bg5 c6 8. Be2 h6 
9. Bf4 d5 10. exd5 cxd5 11. O-O Bf5 12. Qb3 Qb6 13. Qxb6 axb6 14. cxd5 Rfd8 
15. g4 Be4 16. Nxe4 Nxe4 17. a3 Nf6 18. Rac1 Nxd5 19. Bg3 Nb8 20. Ne5 Nd7 
21. Rc2 g5 
1/2-1/2

[Event "34th Chess Olympiad (men)"]
[Site "Istanbul"]
[Date "2000.11.08"]
[Round "11.13.4"]
[White "Inarkiev, Ernesto"]
[Black "Dzhumaev, Marat"]
[WhiteElo "2432"]
[BlackElo "2495"]
[WhiteCountry "KGZ"]
[BlackCountry "UZB"]
[Result "1-0"]

1. d4 f5 2. g3 Nf6 3. Bg2 g6 4. Nf3 Bg7 5. O-O O-O 6. b3 d6 7. Bb2 Qe8 8. c4 c6 
9. Nbd2 h6 10. Qc2 g5 11. e4 fxe4 12. Nxe4 Qg6 13. Nxf6+ Qxf6 14. Rae1 Na6 
15. Ba1 Qf7 16. Re3 Bf5 17. Qd2 Rae8 18. Rfe1 Bf6 19. Qa5 Bc8 20. Rf1 Qg7 
21. Qe1 Bf5 22. d5 c5 23. Bxf6 Rxf6 24. a3 Rf7 25. Qe2 Nc7 26. Nd2 Ref8 
27. Be4 Bh3 28. Bg2 Bd7 29. Bf3 g4 30. Be4 b5 31. Qd3 Qb2 32. Re2 Qxa3 
33. Nb1 Qb4 34. Nd2 Rg7 35. Rfe1 Qa5 36. Bg6 Be8 37. Bf5 Rff7 38. f3 gxf3 
39. Nxf3 bxc4 40. bxc4 Rf6 41. Rxe7 Bh5 42. g4 Rff7 43. Rxf7 Bxf7 44. Qe3 Ne8 
45. Qxh6 Qc3 46. Qf4 a5 47. Re3 Qb2 48. Re7 Kf8 49. Ra7 Qa1+ 50. Kf2 Kg8 
51. Ra8 Qb2+ 52. Kf1 Qb7 53. Rxa5 Qb8 54. Ra6 Bxd5 55. cxd5 Qb5+ 56. Kf2 Qxa6 
57. Be6+ Kh7 58. Qf5+ Rg6 59. Bf7 
1-0

[Event "34th Chess Olympiad (men)"]
[Site "Istanbul"]
[Date "2000.11.08"]
[Round "11.14.2"]
[White "Rytshagov, Mikhail"]
[Black "Giorgadze, Giorgi"]
[WhiteElo "2529"]
[BlackElo "2599"]
[WhiteCountry "EST"]
[BlackCountry "GEO"]
[Result "1/2-1/2"]

1. e4 e5 2. Nf3 Nc6 3. Bb5 a6 4. Bxc6 dxc6 5. O-O f6 6. d4 exd4 7. Nxd4 c5 
8. Nb3 Qxd1 9. Rxd1 Bg4 10. f3 Bd7 
1/2-1/2

[Event "34th Chess Olympiad (men)"]
[Site "Istanbul"]
[Date "2000.11.08"]
[Round "11.14.3"]
[White "Sturua, Zurab"]
[Black "Sepp, Olav"]
[WhiteElo "2594"]
[BlackElo "2439"]
[WhiteCountry "GEO"]
[BlackCountry "EST"]
[Result "1-0"]

1. d4 Nf6 2. c4 g6 3. g3 Bg7 4. Bg2 O-O 5. Nc3 d6 6. Nf3 Nbd7 7. O-O e5 
8. e4 c6 9. h3 Qb6 10. d5 Nc5 11. Re1 Bd7 12. Rb1 cxd5 13. cxd5 a5 14. Bf1 Rfc8 
15. Nd2 Qc7 16. a4 Qb8 17. Nc4 b6 18. b3 h5 19. f4 Ne8 20. fxe5 dxe5 
21. Rb2 Nd6 22. Rf2 Nxc4 23. bxc4 Qd6 24. Ba3 Rf8 25. Bg2 Bh6 26. Qb1 Rab8 
27. Nb5 Qe7 28. h4 Kh7 29. Kh2 f5 30. d6 Qf6 31. exf5 Bxf5 32. Bxc5 bxc5 
33. Qa1 Bg7 34. Qc3 Qd8 35. Qe3 e4 36. Bxe4 Bxe4 37. Rxf8 Qxf8 38. Qxe4 Qf2+ 
39. Kh3 Rf8 40. Qe2 Qf5+ 41. Kg2 Qd7 42. Qe6 Qc6+ 43. Qd5 Qxd5+ 44. cxd5 c4 
45. Re7 Kh6 46. d7 Rd8 47. Nd6 
1-0

[Event "34th Chess Olympiad (men)"]
[Site "Istanbul"]
[Date "2000.11.08"]
[Round "11.14.4"]
[White "Zjukin, Sergei"]
[Black "Kacheishvili, Giorgi"]
[WhiteElo "2402"]
[BlackElo "2564"]
[WhiteCountry "EST"]
[BlackCountry "GEO"]
[Result "1/2-1/2"]

1. e4 e6 2. d4 d5 3. Nd2 Be7 4. Ngf3 Nf6 5. Bd3 c5 6. dxc5 dxe4 7. Nxe4 Nxe4 
8. Bxe4 Qxd1+ 9. Kxd1 Bxc5 10. Ke2 Nd7 11. Be3 Bxe3 12. Kxe3 Nc5 13. Rhd1 Nxe4 
14. Kxe4 Ke7 15. Ke3 f6 16. Nd2 Bd7 17. Ne4 Bc6 18. g3 Rhd8 19. Rxd8 Rxd8 
20. Nc3 e5 21. Rd1 Rc8 22. Rd2 g5 23. f3 f5 24. f4 exf4+ 25. gxf4 h6 
26. Ne2 Rg8 27. Nd4 Be4 28. Nb5 Rg6 29. Nxa7 Ke6 30. Nb5 gxf4+ 31. Kxf4 Rg4+ 
32. Ke3 Ke5 33. Rf2 Bc6 34. Nc3 Rb4 35. b3 f4+ 36. Ke2 h5 37. Rf1 f3+ 
38. Ke3 Rh4 39. Rf2 b5 40. a3 Rg4 41. Rd2 Rg1 42. Rd1 f2 43. Kxf2 Rg2+ 
44. Ke3 Rxh2 45. Ne2 Be4 46. Rg1 Rh3+ 47. Rg3 Rxg3+ 48. Nxg3 Bxc2 
1/2-1/2

[Event "34th Chess Olympiad (men)"]
[Site "Istanbul"]
[Date "2000.11.08"]
[Round "11.15.2"]
[White "Vallejo, Pons Francisco"]
[Black "Krakops, Maris"]
[WhiteElo "2554"]
[BlackElo "2522"]
[WhiteCountry "ESP"]
[BlackCountry "LAT"]
[Result "1/2-1/2"]

1. c4 b6 2. d4 e6 3. a3 Bb7 4. d5 f5 5. g3 b5 6. b3 bxc4 7. bxc4 Na6 8. Bg2 Bd6 
9. Nh3 Nf6 10. O-O O-O 11. Nc3 Nc5 12. Rb1 Rb8 13. Be3 a6 14. Nf4 e5 
15. Nd3 Nxd3 16. Qxd3 e4 17. Qd4 Ng4 18. Bf4 Bxf4 19. gxf4 Qf6 20. Qxf6 Nxf6 
21. e3 d6 22. Rb4 a5 23. Ra4 Ba6 24. Rc1 Nd7 25. Rxa5 
1/2-1/2

[Event "34th Chess Olympiad (men)"]
[Site "Istanbul"]
[Date "2000.11.08"]
[Round "11.15.3"]
[White "Klovans, Janis"]
[Black "Comas, Fabrego Luis"]
[WhiteElo "2481"]
[BlackElo "2516"]
[WhiteCountry "LAT"]
[BlackCountry "ESP"]
[Result "1-0"]

1. e4 c5 2. Nf3 e6 3. d4 cxd4 4. Nxd4 Nc6 5. Nc3 Qc7 6. Be2 a6 7. O-O Nf6 
8. Be3 Bb4 9. Na4 Be7 10. Nxc6 bxc6 11. Bd3 c5 12. c4 Bb7 13. Nc3 d6 14. f4 Nd7 
15. Qg4 g6 16. Rae1 O-O-O 17. Qe2 Bf6 18. a3 Bxc3 19. bxc3 f6 20. Rb1 Bc6 
21. Rb2 Qa5 22. Qd2 e5 23. Rfb1 Kc7 24. Rd1 exf4 25. Bxf4 Ne5 26. h3 Rb8 
27. Rxb8 Rxb8 28. Bg3 Rd8 29. Be2 Qxa3 30. Rf1 Rf8 31. Rd1 Rd8 32. Rf1 Rf8 
33. Bxe5 dxe5 34. Rd1 Rc8 35. Bg4 f5 36. exf5 h5 37. Bf3 Bxf3 38. Qd6+ Kb7 
39. Rb1+ Ka8 40. gxf3 Qa4 41. f6 Qc6 
1-0

[Event "34th Chess Olympiad (men)"]
[Site "Istanbul"]
[Date "2000.11.08"]
[Round "11.15.4"]
[White "Magem, Badals Jordi"]
[Black "Meijers, Viesturs"]
[WhiteElo "2482"]
[BlackElo "2478"]
[WhiteCountry "ESP"]
[BlackCountry "LAT"]
[Result "0-1"]

1. e4 e5 2. Nf3 Nf6 3. Nxe5 d6 4. Nf3 Nxe4 5. d4 d5 6. Bd3 Bd6 7. O-O O-O 
8. c4 c6 9. cxd5 cxd5 10. Nc3 Nxc3 11. bxc3 Bg4 12. Rb1 b6 13. Rb5 Bc7 
14. h3 a6 15. hxg4 axb5 16. Qc2 g6 17. Bxb5 Qd6 18. g3 Ra5 19. a4 Qe6 
20. Re1 Qxg4 21. Kg2 h5 22. Ba3 Rc8 23. Re7 h4 24. Nxh4 Rxb5 25. axb5 Nd7 
26. Nf3 Nf6 27. Nh2 Qh5 28. Qe2 Qxe2 29. Rxe2 Ne4 30. Bb4 Kg7 31. Nf1 Bd6 
32. Bxd6 Nxd6 33. Ne3 Rxc3 34. Rb2 Nc4 35. Nxd5 Rd3 36. Rb4 Rxd4 37. Kg1 Rxd5 
38. Rxc4 Rxb5 39. Rc6 g5 40. g4 Rb4 41. Kh2 b5 42. Rc5 f6 43. Kg3 Kf7 
44. Kh3 Ke6 45. Kg3 Rb3+ 46. Kg2 Rb1 47. Kf3 b4 48. Rb5 Kd6 49. Rf5 b3 
50. Rxf6+ Kc5 51. Rf8 Rd1 52. Rc8+ Kb4 53. Rb8+ Kc3 54. Rc8+ Kd3 55. Rd8+ Kc2 
56. Rc8+ Kb1 57. Rc5 b2 58. Rxg5 Rd3+ 59. Ke2 Kc2 60. Rc5+ Rc3 61. Rb5 b1=Q 
62. Rxb1 Kxb1 63. g5 Kc2 64. f4 Kb3 65. g6 Kc4 
0-1

[Event "34th Chess Olympiad (men)"]
[Site "Istanbul"]
[Date "2000.11.08"]
[Round "11.16.1"]
[White "Adianto, Utut"]
[Black "Andersson, Ulf"]
[WhiteElo "2583"]
[BlackElo "2641"]
[WhiteCountry "INA"]
[BlackCountry "SWE"]
[Result "1/2-1/2"]

1. d4 Nf6 2. c4 e6 3. Nf3 Bb4+ 4. Nbd2 b6 5. a3 Bxd2+ 6. Bxd2 Bb7 7. Bg5 d6 
8. e3 Nbd7 9. Qc2 c5 10. Rd1 Qc7 11. Be2 O-O 12. O-O Rac8 13. Bf4 
1/2-1/2

[Event "34th Chess Olympiad (men)"]
[Site "Istanbul"]
[Date "2000.11.08"]
[Round "11.16.2"]
[White "Hector, Jonny"]
[Black "Gunawan, Ruben"]
[WhiteElo "2509"]
[BlackElo "2503"]
[WhiteCountry "SWE"]
[BlackCountry "INA"]
[Result "1-0"]

1. e4 c5 2. Nf3 e6 3. d4 cxd4 4. Nxd4 a6 5. Nc3 Qc7 6. Bd3 Nf6 7. Qe2 Bd6 
8. Bd2 Nc6 9. Nf3 Ne5 10. a4 O-O 11. a5 Nxf3+ 12. Qxf3 Be5 13. Na4 d5 
14. Nb6 Rb8 15. exd5 exd5 16. Ra4 Re8 17. O-O g6 18. Kh1 d4 19. Rc4 Qe7 
20. Bb4 Bd6 21. Nxc8 Rbxc8 22. Rxc8 Rxc8 23. Re1 Qc7 24. Bxd6 Qxd6 25. Qxb7 Rb8 
26. Qxa6 Qf4 27. h3 Rxb2 28. Qc4 Qd2 29. Ra1 Rb4 30. Qc6 Kg7 31. a6 
1-0

[Event "34th Chess Olympiad (men)"]
[Site "Istanbul"]
[Date "2000.11.08"]
[Round "11.16.3"]
[White "Juswanto, Denny"]
[Black "Akesson, Ralf"]
[WhiteElo "2483"]
[BlackElo "2486"]
[WhiteCountry "INA"]
[BlackCountry "SWE"]
[Result "1/2-1/2"]

1. c4 Nf6 2. Nc3 c5 3. Nf3 e6 4. g3 b6 5. Bg2 Bb7 6. O-O Be7 7. b3 O-O 
8. Bb2 d6 9. Rc1 a6 10. e3 b5 11. d3 Nc6 12. Qe2 Qb6 13. Nd2 Rfd8 14. g4 bxc4 
15. dxc4 Nb4 16. Bxb7 Qxb7 17. g5 Ne8 18. h4 d5 19. cxd5 exd5 20. a3 d4 
21. exd4 cxd4 22. Nce4 Nd5 23. Qf3 Rab8 24. Rc4 Nc3 25. Nxc3 dxc3 26. Qxb7 Rxb7 
27. Bxc3 Nd6 28. Rc6 Nb5 29. Ba5 Ra8 30. Rfc1 f6 31. gxf6 gxf6 32. a4 Nd4 
33. Rc8+ Rxc8 34. Rxc8+ Kf7 35. Ra8 Bb4 36. Bxb4 Rxb4 37. Rxa6 Nxb3 
38. Nxb3 Rxb3 39. Kg2 Kg6 40. Ra5 Ra3 41. f3 h5 42. Kg3 Ra1 43. Ra8 Kf5 
44. Ra5+ Kg6 45. Ra8 
1/2-1/2

[Event "34th Chess Olympiad (men)"]
[Site "Istanbul"]
[Date "2000.11.08"]
[Round "11.16.4"]
[White "Brynell, Stellan"]
[Black "Barus, Cerdas"]
[WhiteElo "2484"]
[BlackElo "2435"]
[WhiteCountry "SWE"]
[BlackCountry "INA"]
[Result "1-0"]

1. e4 c6 2. d4 d5 3. exd5 cxd5 4. c4 Nf6 5. Nc3 e6 6. Nf3 Bb4 7. Bd3 O-O 
8. O-O dxc4 9. Bxc4 Nbd7 10. Bg5 Bxc3 11. bxc3 b6 12. Qe2 Bb7 13. Ne5 Qc7 
14. Nxd7 Nxd7 15. Rac1 h6 16. Bh4 Qf4 17. Bg3 Qg5 18. f3 Rac8 19. Bb5 Qe7 
20. Rfd1 Nf6 21. Bh4 g5 22. Bg3 Nh5 23. Be5 f6 24. Bg3 Qf7 25. Re1 Ng7 
26. Bd3 Qd7 27. Bf2 Kh8 28. c4 Qf7 29. a4 Qd7 30. Ra1 Nh5 31. Qb2 Qg7 
32. h3 Nf4 33. Bf1 Qd7 34. a5 b5 35. Qxb5 Bc6 36. Qb2 h5 37. Qd2 Rg8 
38. Rad1 Rcd8 39. Qe3 Rde8 40. Qc3 Qf7 41. Be3 Ng6 42. Bd3 Ba8 43. a6 Rg7 
44. d5 exd5 45. Bd4 Rf8 46. Bxg6 Rxg6 47. c5 Bc6 48. Re3 g4 49. fxg4 hxg4 
50. h4 Bb5 51. Rde1 Qh7 52. g3 Kg8 53. Re6 Rg7 54. Bxf6 Rgf7 55. Qe5 Qh6 
56. Qxd5 Qg6 57. Qg5 Qxg5 58. hxg5 Rc8 59. g6 Rfc7 60. Re7 
1-0

[Event "34th Chess Olympiad (men)"]
[Site "Istanbul"]
[Date "2000.11.08"]
[Round "11.17.1"]
[White "Beliavsky, Alexander G"]
[Black "Stefansson, Hannes"]
[WhiteElo "2654"]
[BlackElo "2557"]
[WhiteCountry "SLO"]
[BlackCountry "ISL"]
[Result "1/2-1/2"]

1. d4 Nf6 2. c4 e6 3. Nf3 b6 4. g3 Bb7 5. Bg2 Be7 6. O-O O-O 7. Nc3 Ne4 
8. Bd2 f5 9. d5 Bf6 10. Rc1 Na6 11. Be1 c5 12. dxc6 dxc6 13. Qb3 Nac5 
14. Qc2 Qe7 15. b4 Nxc3 16. Bxc3 Bxc3 17. Qxc3 Ne4 18. Qb2 c5 19. b5 a6 
20. a4 axb5 21. axb5 Rfd8 22. Rfd1 Rxd1+ 23. Rxd1 Rd8 24. Rd3 Rxd3 25. exd3 Nd6 
26. Ne5 Bxg2 27. Kxg2 Nf7 28. Nc6 Qd6 29. Qa1 h6 30. Qa7 f4 31. Kg1 g5 
32. Qa3 Kg7 33. Qc3+ e5 34. Qa3 Qd7 35. Kg2 h5 36. h3 Kf6 37. gxf4 gxf4 
38. Qa7 Qxa7 39. Nxa7 Nd6 40. Kf3 Ke6 41. Nc6 Kf6 42. Nb8 
1/2-1/2

[Event "34th Chess Olympiad (men)"]
[Site "Istanbul"]
[Date "2000.11.08"]
[Round "11.17.2"]
[White "Thorhallsson, Throstur"]
[Black "Mikhalchishin, Adrian"]
[WhiteElo "2454"]
[BlackElo "2544"]
[WhiteCountry "ISL"]
[BlackCountry "SLO"]
[Result "1/2-1/2"]

1. d4 d5 2. Bg5 c6 3. Nf3 Qb6 4. Qc1 h6 5. Bf4 Bf5 6. e3 Nf6 7. h3 e6 
8. Bd3 Bxd3 9. cxd3 c5 10. O-O Nc6 11. dxc5 Bxc5 12. Nc3 Be7 13. d4 
1/2-1/2

[Event "34th Chess Olympiad (men)"]
[Site "Istanbul"]
[Date "2000.11.08"]
[Round "11.17.3"]
[White "Pavasovic, Dusko"]
[Black "Gunnarsson, Jon Viktor"]
[WhiteElo "2523"]
[BlackElo "2368"]
[WhiteCountry "SLO"]
[BlackCountry "ISL"]
[Result "1-0"]

1. e4 e5 2. Nf3 Nf6 3. Nxe5 d6 4. Nf3 Nxe4 5. d4 d5 6. Bd3 Bd6 7. O-O O-O 
8. c4 c6 9. Qc2 f5 10. Nc3 Be6 11. Qb3 Na6 12. cxd5 cxd5 13. Bxe4 fxe4 
14. Ng5 Bf5 15. Qxd5+ Kh8 16. Nf7+ Rxf7 17. Qxf7 Qh4 18. g3 Qh3 19. Qxb7 Rf8 
20. Qxa6 Rf6 21. Qe2 Bg4 22. f3 exf3 23. Qf2 Bf5 24. Bg5 Rg6 25. Qxf3 Rxg5 
26. Qg2 Qg4 27. Qa8+ Bc8 28. Ne4 
1-0

[Event "34th Chess Olympiad (men)"]
[Site "Istanbul"]
[Date "2000.11.08"]
[Round "11.17.4"]
[White "Kristjansson, Stefan"]
[Black "Sermek, Drazen"]
[WhiteElo "2281"]
[BlackElo "2514"]
[WhiteCountry "ISL"]
[BlackCountry "SLO"]
[Result "0-1"]

1. e4 e5 2. Nf3 Nc6 3. d4 exd4 4. Nxd4 Nf6 5. Nxc6 bxc6 6. e5 Qe7 7. Qe2 Nd5 
8. c4 Nb6 9. Nc3 Ba6 10. Qe4 Qe6 11. b3 O-O-O 12. Bb2 Re8 13. f4 f6 
14. O-O-O fxe5 15. c5 Bxf1 16. cxb6 Ba6 17. bxa7 Kb7 18. fxe5 d5 19. Qf3 Qh6+ 
20. Kb1 Rxe5 21. Ka1 Bd6 22. Rc1 Rf8 23. Qg4 Qf4 24. Qxg7 Re7 25. Qg3 Qxc1+ 
26. Rxc1 Bxg3 27. hxg3 Rf1 28. Rxf1 Bxf1 29. Ba3 Re1+ 30. Kb2 d4 31. Na4 Bb5 
0-1

[Event "34th Chess Olympiad (men)"]
[Site "Istanbul"]
[Date "2000.11.08"]
[Round "11.18.1"]
[White "Damljanovic, Branko"]
[Black "Matamoros, Franco Carlos S"]
[WhiteElo "2559"]
[BlackElo "2467"]
[WhiteCountry "YUG"]
[BlackCountry "ECU"]
[Result "1-0"]

1. Nf3 c5 2. e4 Nc6 3. Bb5 g6 4. O-O Bg7 5. Re1 Nf6 6. e5 Nd5 7. Nc3 Nc7 
8. Bxc6 dxc6 9. Ne4 b6 10. d3 O-O 11. h3 Ne6 12. Bd2 Nd4 13. Nxd4 cxd4 
14. Bf4 Qd5 15. Nd2 c5 16. a4 Be6 17. Nc4 Qc6 18. Qd2 Bd5 19. f3 Rfd8 
20. b3 Qe6 21. Bh6 a6 22. Bxg7 Kxg7 23. Qf4 b5 24. Nd2 Rac8 25. h4 c4 
26. axb5 axb5 27. bxc4 bxc4 28. dxc4 Bxc4 29. Ne4 h6 30. Nf2 Bd5 31. Re2 h5 
32. Rd1 Rc4 33. Nd3 Rc7 34. Red2 Bc4 35. Nf2 Ba6 36. Ne4 Bc8 37. c3 d3 
38. Rxd3 Rxd3 39. Rxd3 Qf5 40. Qg3 Be6 41. Re3 Rc6 42. Qg5 Rc7 43. Kf2 Ra7 
44. Qxf5 Bxf5 45. Ng3 Be6 46. Ne2 Ra2 47. Ke1 Bc4 48. Nf4 Rc2 49. Re4 Bb3 
50. Ne2 Ba2 51. Rd4 f6 52. exf6+ exf6 53. Rd2 Rxd2 54. Kxd2 g5 55. g3 Kg6 
56. Nd4 Bc4 57. Ke3 Kf7 58. f4 gxh4 59. gxh4 Kg6 60. Ke4 Ba2 61. Kd3 Kf7 
62. c4 Bb1+ 63. Kc3 Ke7 64. Ne2 Bg6 65. Ng3 Be8 66. Nf5+ Kd7 67. Kd4 Bg6 
68. Ne3 Ke6 69. f5+ Bxf5 70. Nxf5 Kxf5 71. Kd5 Kg4 72. c5 
1-0

[Event "34th Chess Olympiad (men)"]
[Site "Istanbul"]
[Date "2000.11.08"]
[Round "11.18.2"]
[White "Bastidas, Rodriguez Emilio Jos"]
[Black "Ilincic, Zlatko"]
[WhiteElo "2334"]
[BlackElo "2563"]
[WhiteCountry "ECU"]
[BlackCountry "YUG"]
[Result "1-0"]

1. d4 Nf6 2. c4 g6 3. Nc3 Bg7 4. e4 d6 5. Be2 O-O 6. Nf3 e5 7. dxe5 dxe5 
8. Qxd8 Rxd8 9. Bg5 Re8 10. Nd5 Nxd5 11. cxd5 c6 12. Bc4 b5 13. Bb3 a5 
14. dxc6 Nxc6 15. Bd5 Ra6 16. a3 Be6 17. Bxe6 Rxe6 18. Rc1 h6 19. Be3 Nd4 
20. Rc8+ Kh7 21. h4 f6 22. Bxd4 exd4 23. Kd2 Rxe4 24. Rhc1 d3 25. R1c7 Rd6 
26. Ra8 Rc4 27. Raa7 Rxc7 28. Rxc7 h5 29. Ne1 Rd5 30. Nxd3 g5 31. b4 axb4 
32. axb4 gxh4 33. Rc5 Rg5 34. Ke3 Bf8 35. Rc8 Bd6 36. Kf3 Rf5+ 37. Ke4 Rg5 
38. Rd8 Rxg2 39. Rxd6 h3 40. Rd5 Rg4+ 41. Nf4 Rh4 42. Rxh5+ Rxh5 43. Nxh5 Kh6 
44. Nxf6 Kg5 45. Kf3 
1-0

[Event "34th Chess Olympiad (men)"]
[Site "Istanbul"]
[Date "2000.11.08"]
[Round "11.18.3"]
[White "Ivanisevic, Ivan"]
[Black "Munoz, Sotomayor Hugo"]
[WhiteElo "2530"]
[BlackElo "2322"]
[WhiteCountry "YUG"]
[BlackCountry "ECU"]
[Result "1-0"]

1. d4 Nf6 2. c4 e6 3. Nc3 Bb4 4. Qc2 O-O 5. e4 d5 6. e5 Ne4 7. Bd3 c5 
8. cxd5 exd5 9. Nge2 cxd4 10. Nxd4 Nd7 11. f4 Qh4+ 12. g3 Qh3 13. Bf1 Qh5 
14. Bg2 Ndc5 15. O-O Bxc3 16. bxc3 Bh3 17. f5 Bxg2 18. Qxg2 Rfe8 19. g4 Qh4 
20. f6 Rxe5 21. fxg7 Qd8 22. Nf5 f6 23. Bf4 Re8 24. Be3 Ne6 25. c4 Nc3 
26. Rae1 Rb8 27. g5 fxg5 28. Nh6+ Kxg7 29. Nf7 Qe7 30. Bd4+ 
1-0

[Event "34th Chess Olympiad (men)"]
[Site "Istanbul"]
[Date "2000.11.08"]
[Round "11.18.4"]
[White "Moran, Augusto"]
[Black "Kovacevic, Aleksandar"]
[WhiteElo "2392"]
[BlackElo "2513"]
[WhiteCountry "ECU"]
[BlackCountry "YUG"]
[Result "0-1"]

1. d4 Nf6 2. Nf3 g6 3. g3 c5 4. d5 d6 5. c4 e6 6. Nc3 exd5 7. cxd5 Bg7 
8. Bg2 O-O 9. O-O a6 10. a4 Nbd7 11. h3 Rb8 12. a5 b5 13. axb6 Nxb6 14. e4 Ne8 
15. Re1 Nc7 16. e5 Nc4 17. Bg5 f6 18. e6 Re8 19. Bc1 Bb7 20. Qd3 Nb6 21. Nd2 f5 
22. Ndb1 Bd4 23. Ne2 Bxd5 24. Nxd4 cxd4 25. Qxd4 Bxg2 26. Bh6 Qe7 27. Kxg2 Nxe6 
28. Qd3 Qb7+ 29. Kh2 Nd5 30. Qxa6 Qxb2 31. Nd2 g5 32. Qd3 Ndc7 33. Ra7 Qf6 
34. Qc4 Kh8 35. Bxg5 Qxg5 36. Nf3 Qf6 37. Rxc7 Nxc7 38. Qxc7 Rbc8 39. Qd7 Red8 
40. Qb7 Rb8 41. Qc7 Rbc8 42. Qb7 Rb8 43. Qa7 Re8 44. Qc7 Qb2 45. Rxe8+ Rxe8 
46. Kg2 Qf6 47. h4 h6 48. Qc6 Rg8 49. Nd2 f4 50. Ne4 Qe6 51. Nxd6 fxg3 
52. fxg3 Qe2+ 53. Kh1 Qe1+ 
0-1

[Event "34th Chess Olympiad (men)"]
[Site "Istanbul"]
[Date "2000.11.08"]
[Round "11.19.1"]
[White "El Taher, Fouad"]
[Black "Arencibia, Walter"]
[WhiteElo "2485"]
[BlackElo "2513"]
[WhiteCountry "EGY"]
[BlackCountry "CUB"]
[Result "0-1"]

1. e4 c5 2. Nf3 d6 3. d4 cxd4 4. Nxd4 Nf6 5. f3 a6 6. c4 e6 7. Nc3 Be7 
8. Be3 O-O 9. Be2 Qc7 10. O-O Nbd7 11. Qd2 b6 12. Rfc1 Bb7 13. a4 Rac8 
14. a5 Bd8 15. axb6 Nxb6 16. b3 Qb8 17. Kh1 Re8 18. Bf1 Nfd7 19. Rd1 Bf6 
20. Nde2 d5 21. exd5 exd5 22. cxd5 Nc5 23. Bxc5 Rxc5 24. Ne4 Rxd5 
25. Nxf6+ gxf6 26. Qh6 Qe5 27. f4 Qd6 28. Ng3 Rxd1 29. Nh5 Bxg2+ 30. Kxg2 Rd2+ 
31. Kh3 Re3+ 32. Ng3 Qe6+ 
0-1

[Event "34th Chess Olympiad (men)"]
[Site "Istanbul"]
[Date "2000.11.08"]
[Round "11.19.2"]
[White "Bruzon, Lazaro"]
[Black "Labib, Ibrahim Hasan"]
[WhiteElo "2534"]
[BlackElo "2426"]
[WhiteCountry "CUB"]
[BlackCountry "EGY"]
[Result "1-0"]

1. e4 e5 2. Nf3 Nc6 3. Bb5 Nf6 4. d3 d6 5. O-O Be7 6. c3 O-O 7. Re1 a6 
8. Ba4 b5 9. Bb3 Na5 10. Bc2 c5 11. Nbd2 Re8 12. d4 cxd4 13. cxd4 Nc6 
14. Nb3 a5 15. a4 bxa4 16. Nbd2 Nxd4 17. Nxd4 exd4 18. Rxa4 Bg4 19. Nf3 Nd7 
20. Rxd4 Ne5 21. Ba4 Rf8 22. Bd2 Qc8 23. Bf4 Bxf3 24. gxf3 Ng6 25. Bg3 h5 
26. Kh1 Rb8 27. b3 Rd8 28. f4 h4 29. f5 hxg3 30. fxg6 gxf2 31. gxf7+ Kxf7 
32. Rf1 g6 33. Rxf2+ Bf6 34. Rc4 Qe6 35. Rc7+ Kg8 36. Bc6 Qe5 37. Bd5+ Kh8 
38. Rf5 
1-0

[Event "34th Chess Olympiad (men)"]
[Site "Istanbul"]
[Date "2000.11.08"]
[Round "11.19.3"]
[White "Abdel, Razik Khaled"]
[Black "Dominguez, Lenier"]
[WhiteElo "2405"]
[BlackElo "2534"]
[WhiteCountry "EGY"]
[BlackCountry "CUB"]
[Result "0-1"]

1. d4 d5 2. c4 c6 3. Nf3 Nf6 4. Qc2 dxc4 5. Qxc4 Bf5 6. g3 e6 7. Bg2 Nbd7 
8. O-O Be7 9. Nc3 O-O 10. a4 Ne4 11. a5 Nxc3 12. bxc3 Be4 13. Bh3 c5 
14. Nd2 Bc6 15. e4 cxd4 16. cxd4 Rc8 17. Qe2 a6 18. Rd1 Bb5 19. Qe3 Bb4 
20. Bb2 Bxa5 21. Bf1 Bxf1 22. Nxf1 Nb6 23. Qb3 Nc4 24. Bc3 Bxc3 25. Qxc3 Nd6 
26. Qf3 Nb5 27. d5 e5 28. Ne3 Nd4 29. Qg4 g6 30. Rdb1 h5 31. Qd1 Rc7 
32. Kg2 Qd6 33. Rb2 Rfc8 34. g4 hxg4 35. Qxg4 Rf8 36. h4 f5 37. Qg5 fxe4 
38. Kh1 Rh7 39. Rg1 Kh8 40. Rg4 Nf3 41. Qxg6 Qxg6 42. Rxg6 Nxh4 43. Rg4 Rf4 
44. Rxf4 exf4 45. Ng4 Nf3+ 46. Kg2 Ne1+ 47. Kf1 Rh1+ 48. Ke2 Nf3 
0-1